Les problèmes de l'esthétique contemporaine /

Gardado en:
Detalles Bibliográficos
Autor Principal: Guyau, Jean-Marie (autor)
Outros autores: Fouillée, Alfred (prefacio) (prefacio)
Formato: Libro
Idioma:francés
Publicado: París, Francia : Félix Alcan, 1913, c1913
Edición:9a edición
Temas:
Etiquetas: Engadir etiqueta
Sen Etiquetas, Sexa o primeiro en etiquetar este rexistro!

MARC

LEADER 00000nam^a2200000^a^4500
001 000384799
005 20250526000000.0
009 20260310120913.734
037 |a Acervo Xavier Clavigero 
041 |a FRA 
082 |a 809. 1  |b GUY 
100 |a Guyau, Jean-Marie  |e (autor) 
240 1 5 |a [Los problemas de la estética contemporánea] 
245 1 4 |a Les problèmes de l'esthétique contemporaine /  |c J.M. Guayu ; pref. de A. Fouillée. 
250 |a 9a edición 
264 4 |a París, Francia :  |b Félix Alcan,  |c 1913, c1913 
300 |a X, 260 p. ;  |c 22.5 cm. 
336 |a texto  |b txt  |2 rdacontenido 
337 |a sin mediación  |b n  |2 rdamedio 
338 |a volumen  |b nc  |2 rdasoporte 
501 |a Encuadernación particular 
561 |a Ex libris de Librairie F. Alcan 
562 |a Falta cubierta 
649 |a XX 
650 |a Color 
650 |a Sentidos y Sensaciones -  |x Filosofía 
650 |a Sentimientos -  |x Filosofía 
650 |a Versificación y Rima 
650 |a Métrica y Ritmo 
650 |a Recepción y Apreciación del Arte 
650 |a Poética -  |x Tema Principal 
650 |a Literatura -  |x Filosofía 
650 |a Estética -  |x Tema Principal 
650 |a Arte y Ciencia 
650 |a Arte y Sociedad 
650 |a Arte 
700 |a Fouillée, Alfred  |e (prefacio) 
910 |a Fondo General 
920 |a Impresos - Libros 
930 |a Libros Antiguos y Raros 
940 |a Literatura 
905 |a 108 
901 |a 051648  |b IT2  |c LRA  |u 20250526 
902 |a https://opac.biblio.iteso.mx/vufind/Record/000384799